Online
Catalog
Normal view MARC view

Entry Nombre personal

Number of records used in: 3

001 - NÚMERO DE CONTROL

  • campo de control: 74686

003 - IDENTIFICADOR DEL NÚMERO DE CONTROL

  • campo de control: BNPHU

005 - FECHA Y HORA DE LA ÚLTIMA TRANSACCIÓN

  • campo de control: 20240228103311.0

008 - DATOS DE LONGITUD FIJA

  • campo de control de longitud fija: 200615|| aca||aabn | a|a d

040 ## - FUENTE DE LA CATALOGACIÓN

  • Centro catalogador/agencia de origen: DO-SdBNP
  • Lengua de catalogación: spa
  • Centro/agencia transcriptor: BNPHU
  • Normas de descripción: rda

100 1# - ENCABEZAMIENTO-NOMBRE DE PERSONA

  • Nombre de persona: Lacoste Prince , Enrique A.,
  • Fechas asociadas al nombre: 1952-

370 ## - LUGAR ASOCIADO

  • Lugar de nacimiento: Habana, Cuba

374 ## - OCUPACIÓN

  • Ocupación: Caricaturista
  • Ocupación: Historietista
  • Ocupación: Ilustrador

375 ## - GÉNERO/SEXO

  • Género/Sexo: Masculino

377 ## - LENGUA/LENGUAJE ASOCIADO

  • Código del idioma: spa

400 ## - TRAZADO DE VÉASE--NOMBRE DE PERSONA

  • Nombre de persona: Prince, Enrique A. Lacoste
  • Fechas asociadas al nombre: 1952-
  • Forma completa/desarrollada del nombre: (Enrique Lacoste Prince)

400 ## - TRAZADO DE VÉASE--NOMBRE DE PERSONA

  • Nombre de persona: Lacoste, Enrique A.
  • Fechas asociadas al nombre: 1952-
  • Forma completa/desarrollada del nombre: (Enrique A. Lacoste Prince)

670 ## - FUENTE DE DATOS ENCONTRADOS

  • Cita de la fuente: Lacoste Prince , Enrique A., 1952-, Máximo Gómez :, 2016.

670 ## - FUENTE DE DATOS ENCONTRADOS

  • Cita de la fuente: Wankarani, 2009: |b t.p. (Enrique Lacoste Prince) p. 4 of cover (b. 1952; Cuban graphic artist)
  • Información encontrada: (Enrique Lacoste Prince) p. 4

Powered by Koha